The Man Who Sold The World - Lyrics - Statistics

General Stats
  • This quiz has been taken 121 times
  • The average score is 14 of 20
Answer Stats
? Line Lyric % Correct
Verse He said I was his ____ friend
91%
Verse Although I wasn't ___ there
90%
Verse We passed upon the ____ stair
89%
Verse A long, long ______ time ago
86%
Verse I thought you died ____ alone
80%
Chorus Oh no, not __ me
78%
Verse ________ time ago A long, long
77%
Chorus With _______________ the man who sold the world
76%
Chorus I never lost _____ control
75%
Verse And made my way ________ back home
74%
Verse We must have ___ alone died
74%
Verse We spoke of _________ was and when
72%
Chorus You're __________ face to face
70%
Verse I gazed a gazely ____ stare
67%
Verse I ____ into his eyes spoke
64%
Verse For years and years I _____ roamed
56%
Verse I ______ and shook his hand laughed
55%
Verse At all the _____ here millions
37%
Verse I searched for ___ and land form
36%
Verse Which came as ________ some surprise
34%
No matching quizzes found
Score Distribution
Percent of People with Each Score
Percentile by Number Answered
Your Score History
You have not taken this quiz